Latina pro historiky a archiváře /

Hlavní autor: Zachová, Jana, 1941-
Jazyk: Čeština
Vydáno: Praha : ISV, 1994
Vydání: 3. přeprac. vyd.
Edice: Jazykověda (Institut sociálních vztahů)
Témata:
Fyzický popis: 103 s. ; 24 cm
Knihy
Uloženo v:
LEADER 00914nam a2200301 a 4500
001 000167661
003 CZ BrMZK
005 20200226124518.0
007 ta
008 010907s1994 xr f cze d
015 |a cnb000207335 
020 |a 80-85866-03-X 
035 |a (OCoLC)84931316 
040 |a BOA001  |b cze 
080 |a 807.1(076.5)  |2 MRF 
100 1 |a Zachová, Jana,  |d 1941-  |7 jk01151995  |4 aut 
245 1 0 |a Latina pro historiky a archiváře /  |c Jana Zachová 
250 |a 3. přeprac. vyd. 
260 |a Praha :  |b ISV,  |c 1994 
300 |a 103 s. ;  |c 24 cm 
490 1 |a Jazykověda 
653 0 |a latina 
830 0 |a Jazykověda (Institut sociálních vztahů) 
910 |a BOA001  |b 2-1032.093  |b PK-0127.145 
920 |a 000152656 
964 |a Latina  |x cvičení  |x školy vysoké 
990 |a BK 
996 6 |b 2610050930  |c 2-1032.093  |l MZK  |r Sklad / do 1 hodiny  |n 48  |p p.v.  |w 000167661  |u 000010  |a 1  |e BOA001  |j MZK50  |s P